Best Selling Sports Brands - Statistics

General Stats
  • This quiz has been taken 146 times
  • The average score is 6 of 10
Answer Stats
Hint Answer % Correct
1 Nike
99%
2 Adidas
98%
3 Puma
94%
5 Under Armour
70%
7 New Balance
63%
8 Reebok
57%
10 Asics
44%
6 Jordan
36%
4 Lululemon
20%
9 Columbia
12%
No matching quizzes found
Score Distribution
Percent of People with Each Score
Percentile by Number Answered
Your Score History
You have not taken this quiz